000 00707nam a22002172 4500
001 0000001430
005 20151217151817.0
008 070312s xx 000 0 eng d
020 _a0199257221 :
_cKES 3,600
040 _aKABU
_cKABU
050 0 _aHB74
_b.P8P79
245 1 4 _aThe Psychology of economic decisions. vol. 1 :
_breasons and choices /
_ced. by Isabelle Brocas and Juan D. Carrillo.
260 _aOxford :
_bOUP,
_c2004.
300 _axxvi, 231 p.
650 0 _aEconomics
_xPsychological aspects.
_@0000150169
700 1 _aBrocas, Isabelle.
_@0000150170
700 1 _aCarrillo, Juan D.
_@0000150171
908 _a070312
950 _@1
999 _c5253
_d5253